00650cam a22002051 4500001001300000003000400013005001700017008004100034010001700075035001900092040001800111042001200129050002500141110007900166245004100245260009200286300001800378610003100396999001700427sa 68020663 DLC20260227112726.0790227q1965 io 000 0 ind  asa 68020663  a(OCoLC)4692690 aDLCcOAUdDLC apremarc00aJX1977.2.I5bI5 19651 aIndonesia.bKomando Pelaksana Peringatan Dasawarsa Konperensi Afrika-Asia.10aIndonesia leaves the United Nations. a[Djakarta]bExecutive Command Tenth Anniversary First Asian-African Conferencec[1965?] a42 p.c20 cm.20aUnited NationszIndonesia. c89547d89547